[Event "Blitz 2018"]
[Site "Saint-Petersburg"]
[Date "2018.12.29"]
[Round "12"]
[Board "66"]
[White "Rechlis Gad (ISR)"]
[Black "Tomashevsky Evgeny (RUS)"]
[Result "1-0"]
[LiveChessVersion "1.4.8"]
[BlackElo "2602"]
[WhiteElo "2500"]

1. e4 {[%clk 0:03:03]} e5 {[%clk 0:03:03]} 2. Nf3 {[%clk 0:03:04]} Nc6
{[%clk 0:03:04]} 3. Bb5 {[%clk 0:03:05]} a6 4. Ba4 Nf6 {[%clk 0:03:06]} 5. O-O
{[%clk 0:03:08]} Be7 {[%clk 0:03:07]} 6. Re1 {[%clk 0:03:10]} b5 {[%clk 0:03:08]}
7. Bb3 {[%clk 0:03:11]} O-O {[%clk 0:03:08]} 8. c3 {[%clk 0:03:09]} d6
{[%clk 0:03:08]} 9. h3 {[%clk 0:03:10]} Nb8 {[%clk 0:03:09]} 10. d4
{[%clk 0:03:09]} Nbd7 {[%clk 0:03:09]} 11. Nbd2 {[%clk 0:03:10]} Bb7
{[%clk 0:03:10]} 12. Bc2 {[%clk 0:03:11]} Re8 {[%clk 0:03:10]} 13. Nf1
{[%clk 0:03:12]} Bf8 {[%clk 0:03:11]} 14. Ng3 {[%clk 0:03:13]} g6
{[%clk 0:03:12]} 15. a4 {[%clk 0:03:11]} c6 {[%clk 0:03:08]} 16. Bg5
{[%clk 0:03:06]} h6 {[%clk 0:02:54]} 17. Be3 {[%clk 0:03:07]} Qc7
{[%clk 0:02:51]} 18. Nh2 {[%clk 0:03:01]} d5 {[%clk 0:02:40]} 19. Ng4
{[%clk 0:02:52]} Nxg4 {[%clk 0:02:29]} 20. Qxg4 {[%clk 0:02:44]} Bg7
{[%clk 0:02:17]} 21. exd5 {[%clk 0:02:31]} cxd5 {[%clk 0:02:15]} 22. dxe5
{[%clk 0:02:14]} Nxe5 {[%clk 0:02:12]} 23. Qh4 {[%clk 0:02:12]} Qd8
{[%clk 0:01:51]} 24. Qxd8 {[%clk 0:02:07]} Rexd8 {[%clk 0:01:50]} 25. Bxh6
{[%clk 0:01:57]} Nf3+ {[%clk 0:01:41]} 26. gxf3 {[%clk 0:01:57]} Bxh6
{[%clk 0:01:42]} 27. Re7 {[%clk 0:01:58]} Bc6 {[%clk 0:01:41]} 28. Ne2
{[%clk 0:01:54]} Re8 {[%clk 0:00:53]} 29. Rxe8+ {[%clk 0:01:44]} Rxe8
{[%clk 0:00:54]} 30. Nd4 {[%clk 0:01:44]} Bd7 {[%clk 0:00:55]} 31. axb5
{[%clk 0:01:35]} axb5 {[%clk 0:00:56]} 32. Bb3 {[%clk 0:01:36]} Re5
{[%clk 0:00:51]} 33. h4 {[%clk 0:01:31]} Kf8 {[%clk 0:00:30]} 34. Ra7
{[%clk 0:01:30]} Ke8 {[%clk 0:00:30]} 35. Rb7 {[%clk 0:01:26]} Bh3
{[%clk 0:00:22]} 36. Kh2 {[%clk 0:01:16]} Bf1 {[%clk 0:00:22]} 37. Kg3
{[%clk 0:01:13]} Bc1 {[%clk 0:00:18]} 38. Nxb5 {[%clk 0:01:02]} f5
{[%clk 0:00:08]} 39. Bxd5 {[%clk 0:00:54]} g5 {[%clk 0:00:05]} 40. hxg5
{[%clk 0:00:50]} Bxb5 {[%clk 0:00:03]} 41. Rxb5 {[%clk 0:00:48]} Re1
{[%clk 0:00:04]} 42. f4 {[%clk 0:00:43]} Rg1+ {[%clk 0:00:05]} 43. Kf3
{[%clk 0:00:43]} Rg4 {[%clk 0:00:05]} 44. Rb4 {[%clk 0:00:44]} Ke7
{[%clk 0:00:07]} 45. Bb7 {[%clk 0:00:42]} Rh4 {[%clk 0:00:07]} 46. Bc8
{[%clk 0:00:43]} Rh3+ {[%clk 0:00:06]} 47. Kg2 {[%clk 0:00:43]} 1-0

[Event "Blitz 2018"]
[Site "Saint-Petersburg"]
[Date "2018.12.29"]
[Round "12"]
[Board "67"]
[White "Dzhumagaliev Yan (RUS)"]
[Black "Lintchevski Daniil (RUS)"]
[Result "1/2-1/2"]
[LiveChessVersion "1.4.8"]
[BlackElo "2594"]
[WhiteElo "2489"]

1. Nf3 {[%clk 0:03:02]} c5 {[%clk 0:03:03]} 2. e3 {[%clk 0:02:59]} Nc6
{[%clk 0:02:56]} 3. d4 {[%clk 0:02:55]} d5 {[%clk 0:02:57]} 4. c4
{[%clk 0:02:47]} e6 {[%clk 0:02:46]} 5. Nc3 {[%clk 0:02:48]} Nf6 {[%clk 0:02:46]}
6. a3 a6 7. dxc5 {[%clk 0:02:45]} Bxc5 {[%clk 0:02:49]} 8. b4 {[%clk 0:02:46]}
Ba7 {[%clk 0:02:45]} 9. Bb2 {[%clk 0:02:47]} O-O {[%clk 0:02:40]} 10. Be2
{[%clk 0:02:31]} d4 {[%clk 0:02:33]} 11. exd4 {[%clk 0:02:31]} Nxd4
{[%clk 0:02:34]} 12. Nxd4 {[%clk 0:02:30]} Bxd4 {[%clk 0:02:31]} 13. O-O
{[%clk 0:02:27]} e5 {[%clk 0:02:31]} 14. Qc2 {[%clk 0:02:28]} Be6
{[%clk 0:02:30]} 15. Rad1 {[%clk 0:02:11]} Qc7 {[%clk 0:02:26]} 16. c5
{[%clk 0:02:04]} Rad8 {[%clk 0:02:24]} 17. h3 {[%clk 0:01:56]} g6
{[%clk 0:02:14]} 18. Na4 {[%clk 0:01:53]} Bxb2 {[%clk 0:02:11]} 19. Qxb2
{[%clk 0:01:51]} Nd5 {[%clk 0:02:06]} 20. Nc3 {[%clk 0:01:42]} Nf4
{[%clk 0:02:02]} 21. Ne4 {[%clk 0:01:42]} Rxd1 {[%clk 0:01:28]} 22. Rxd1
{[%clk 0:01:42]} Rd8 {[%clk 0:01:29]} 23. Rd6 {[%clk 0:01:22]} Rxd6
{[%clk 0:01:13]} 24. Nxd6 {[%clk 0:01:19]} b6 {[%clk 0:01:10]} 25. Bxa6
{[%clk 0:00:59]} bxc5 {[%clk 0:01:06]} 26. Qxe5 {[%clk 0:00:58]} cxb4
{[%clk 0:01:00]} 27. axb4 {[%clk 0:00:45]} Nxg2 {[%clk 0:00:40]} 28. Kxg2
{[%clk 0:00:40]} Qc6+ {[%clk 0:00:41]} 29. Ne4 {[%clk 0:00:25]} Qxa6
{[%clk 0:00:42]} 30. Qb8+ {[%clk 0:00:24]} Kg7 {[%clk 0:00:42]} 31. Qe5+
{[%clk 0:00:25]} Kg8 {[%clk 0:00:42]} 32. Qb8+ {[%clk 0:00:16]} Kg7
{[%clk 0:00:43]} 33. Qe5+ {[%clk 0:00:10]} 1/2-1/2

[Event "Blitz 2018"]
[Site "Saint-Petersburg"]
[Date "2018.12.29"]
[Round "12"]
[Board "68"]
[White "Sanal Vahap (TUR)"]
[Black "Gareyev Timur (USA)"]
[Result "1/2-1/2"]
[LiveChessVersion "1.4.8"]
[BlackElo "2577"]
[WhiteElo "2488"]

1. e4 {[%clk 0:03:03]} c5 {[%clk 0:03:02]} 2. Nf3 {[%clk 0:03:04]} Nc6
{[%clk 0:03:01]} 3. d4 {[%clk 0:03:04]} cxd4 {[%clk 0:03:03]} 4. Nxd4
{[%clk 0:03:06]} Nf6 {[%clk 0:03:04]} 5. Nc3 {[%clk 0:03:07]} d6 {[%clk 0:03:05]}
6. Bg5 {[%clk 0:03:07]} Bd7 {[%clk 0:03:05]} 7. Qd2 {[%clk 0:03:04]} Rc8
{[%clk 0:03:03]} 8. O-O-O {[%clk 0:03:02]} a6 {[%clk 0:02:55]} 9. Kb1
{[%clk 0:02:57]} e6 {[%clk 0:02:36]} 10. f4 {[%clk 0:02:54]} Be7 {[%clk 0:02:33]}
11. Nb3 {[%clk 0:02:51]} b5 {[%clk 0:02:33]} 12. Bxf6 {[%clk 0:02:51]} gxf6
{[%clk 0:02:34]} 13. h4 {[%clk 0:02:49]} b4 {[%clk 0:02:33]} 14. Ne2
{[%clk 0:02:50]} Qb6 {[%clk 0:02:21]} 15. Rh3 {[%clk 0:02:49]} a5
{[%clk 0:02:16]} 16. Nbd4 {[%clk 0:02:49]} a4 {[%clk 0:02:09]} 17. g4
{[%clk 0:02:44]} Na5 {[%clk 0:01:59]} 18. b3 {[%clk 0:02:45]} Nb7
{[%clk 0:01:50]} 19. g5 {[%clk 0:02:43]} Nc5 {[%clk 0:01:51]} 20. Re3
{[%clk 0:02:44]} h6 {[%clk 0:01:42]} 21. gxh6 {[%clk 0:02:28]} Bf8
{[%clk 0:01:35]} 22. Ng3 {[%clk 0:02:11]} Bxh6 {[%clk 0:01:25]} 23. Nh5
{[%clk 0:02:09]} Ke7 {[%clk 0:01:08]} 24. Bc4 {[%clk 0:02:10]} axb3
{[%clk 0:01:08]} 25. cxb3 {[%clk 0:02:11]} Na4 {[%clk 0:01:07]} 26. Rc1
{[%clk 0:01:43]} e5 {[%clk 0:01:00]} 27. Ne2 {[%clk 0:01:18]} Nc3+
{[%clk 0:01:00]} 28. Nxc3 {[%clk 0:01:16]} bxc3 {[%clk 0:01:00]} 29. Rexc3
{[%clk 0:01:14]} Bg4 {[%clk 0:01:01]} 30. Be2 {[%clk 0:00:59]} Rxc3
{[%clk 0:00:55]} 31. Rxc3 {[%clk 0:01:00]} Bxh5 {[%clk 0:00:46]} 32. Bxh5
{[%clk 0:01:01]} Bxf4 {[%clk 0:00:45]} 33. Qd1 {[%clk 0:00:59]} f5
{[%clk 0:00:15]} 34. exf5 {[%clk 0:00:56]} Rg8 {[%clk 0:00:11]} 35. Kb2
{[%clk 0:00:38]} e4 {[%clk 0:00:09]} 36. Qd5 {[%clk 0:00:38]} Rg2+
{[%clk 0:00:09]} 37. Ka3 {[%clk 0:00:29]} Qa7+ {[%clk 0:00:07]} 38. Kb4
{[%clk 0:00:30]} Qb6+ {[%clk 0:00:07]} 39. Kc4 {[%clk 0:00:27]} Qa6+
{[%clk 0:00:08]} 40. Kb4 {[%clk 0:00:27]} Qb6+ {[%clk 0:00:06]} 41. Kc4
{[%clk 0:00:21]} Qa6+ {[%clk 0:00:04]} 42. Kb4 {[%clk 0:00:15]} Qb6+
{[%clk 0:00:05]} 43. Kc4 {[%clk 0:00:16]} Qa6+ {[%clk 0:00:04]} 44. Kb4
{[%clk 0:00:17]} Qb6+ {[%clk 0:00:04]} 45. Qb5 {[%clk 0:00:07]} Qxb5+
{[%clk 0:00:05]} 46. Kxb5 {[%clk 0:00:08]} Kf6 {[%clk 0:00:05]} 47. a4
{[%clk 0:00:06]} d5 {[%clk 0:00:05]} 48. a5 {[%clk 0:00:07]} Ra2 {[%clk 0:00:05]}
49. Rc6+ {[%clk 0:00:07]} Ke5 {[%clk 0:00:06]} 50. Bxf7 {[%clk 0:00:06]} Bd2
{[%clk 0:00:06]} 51. Re6+ {[%clk 0:00:05]} Kxf5 {[%clk 0:00:07]} 52. b4
{[%clk 0:00:07]} Rb2 {[%clk 0:00:08]} 53. a6 {[%clk 0:00:06]} Rxb4+
{[%clk 0:00:08]} 54. Kc5 {[%clk 0:00:07]} Ra4 {[%clk 0:00:07]} 55. Kxd5
{[%clk 0:00:08]} Ra5+ {[%clk 0:00:08]} 56. Kd4 {[%clk 0:00:09]} Ra4+
{[%clk 0:00:09]} 57. Kd5 {[%clk 0:00:11]} Ra5+ {[%clk 0:00:10]} 58. Kd4
{[%clk 0:00:12]} Ra4+ {[%clk 0:00:11]} 59. Kd5 {[%clk 0:00:13]} Ra5+ 60. Ke5+
Kxe5 1/2-1/2

[Event "Blitz 2018"]
[Site "Saint-Petersburg"]
[Date "2018.12.29"]
[Round "12"]
[Board "69"]
[White "Grachev Boris (RUS)"]
[Black "Abdusattorov Nodirbek (UZB)"]
[Result "1-0"]
[LiveChessVersion "1.4.8"]
[BlackElo "2469"]
[WhiteElo "2571"]

1. d4 {[%clk 0:03:02]} Nf6 {[%clk 0:03:02]} 2. Bf4 {[%clk 0:03:02]} e6
{[%clk 0:03:01]} 3. e3 {[%clk 0:03:03]} Be7 {[%clk 0:03:01]} 4. h3
{[%clk 0:03:03]} c5 {[%clk 0:03:01]} 5. c3 {[%clk 0:03:04]} Qb6 {[%clk 0:02:56]}
6. Qb3 {[%clk 0:03:02]} d5 {[%clk 0:02:54]} 7. Nd2 {[%clk 0:03:01]} Nc6
{[%clk 0:02:50]} 8. Ngf3 {[%clk 0:03:01]} O-O {[%clk 0:02:45]} 9. Be2
{[%clk 0:03:02]} Bd7 {[%clk 0:02:42]} 10. O-O {[%clk 0:03:02]} Rfc8
{[%clk 0:02:37]} 11. Ne5 {[%clk 0:02:54]} Nxe5 {[%clk 0:02:32]} 12. Bxe5
{[%clk 0:02:55]} Ne8 {[%clk 0:02:20]} 13. Nf3 {[%clk 0:02:49]} Bd6
{[%clk 0:02:15]} 14. Rfd1 {[%clk 0:02:40]} f6 {[%clk 0:02:15]} 15. Bf4
{[%clk 0:02:36]} Bxf4 {[%clk 0:02:13]} 16. exf4 {[%clk 0:02:36]} Nd6
{[%clk 0:02:14]} 17. Bd3 {[%clk 0:02:06]} c4 {[%clk 0:02:02]} 18. Qxb6
{[%clk 0:02:06]} axb6 {[%clk 0:02:03]} 19. Bc2 {[%clk 0:02:06]} Ba4
{[%clk 0:02:04]} 20. Bxa4 {[%clk 0:01:59]} Rxa4 {[%clk 0:02:05]} 21. a3
{[%clk 0:01:57]} Kf7 {[%clk 0:02:04]} 22. Nd2 {[%clk 0:01:53]} Ra5
{[%clk 0:01:59]} 23. Re1 {[%clk 0:01:49]} Rb5 {[%clk 0:01:55]} 24. Rab1
{[%clk 0:01:49]} Ne8 {[%clk 0:01:48]} 25. Nf1 {[%clk 0:01:48]} Nc7
{[%clk 0:01:45]} 26. Ne3 {[%clk 0:01:48]} g6 {[%clk 0:01:46]} 27. g4
{[%clk 0:01:43]} Ra8 {[%clk 0:01:45]} 28. Kg2 {[%clk 0:01:36]} Raa5
{[%clk 0:01:45]} 29. Kg3 {[%clk 0:01:14]} Rb3 {[%clk 0:01:40]} 30. Nc2
{[%clk 0:01:15]} Rbb5 {[%clk 0:01:33]} 31. Nb4 {[%clk 0:01:13]} Ra8
{[%clk 0:01:30]} 32. Re3 {[%clk 0:01:13]} Rba5 {[%clk 0:01:29]} 33. Rbe1
{[%clk 0:01:13]} Rg8 {[%clk 0:01:28]} 34. Kf3 {[%clk 0:01:08]} Raa8
{[%clk 0:01:15]} 35. f5 {[%clk 0:01:04]} gxf5 {[%clk 0:01:16]} 36. gxf5
{[%clk 0:01:05]} Rg5 {[%clk 0:01:17]} 37. fxe6+ {[%clk 0:01:02]} Ke7
{[%clk 0:01:18]} 38. h4 {[%clk 0:00:59]} Rf5+ {[%clk 0:01:17]} 39. Kg2
{[%clk 0:01:00]} Rg8+ {[%clk 0:01:13]} 40. Rg3 {[%clk 0:01:01]} Rg6
{[%clk 0:01:10]} 41. Nc2 {[%clk 0:00:58]} Rf4 {[%clk 0:01:10]} 42. Ne3
{[%clk 0:00:56]} Kd6 {[%clk 0:00:41]} 43. e7 {[%clk 0:00:48]} Ne8
{[%clk 0:00:31]} 44. Rxg6 {[%clk 0:00:37]} hxg6 {[%clk 0:00:32]} 45. Kg3
{[%clk 0:00:38]} g5 {[%clk 0:00:29]} 46. h5 {[%clk 0:00:39]} Kd7 {[%clk 0:00:09]}
47. h6 {[%clk 0:00:34]} Rh4 {[%clk 0:00:09]} 48. Nf5 {[%clk 0:00:32]} Rh5
{[%clk 0:00:10]} 49. Kg2 {[%clk 0:00:25]} g4 {[%clk 0:00:04]} 50. Rh1
{[%clk 0:00:25]} 1-0

[Event "Blitz 2018"]
[Site "Saint-Petersburg"]
[Date "2018.12.29"]
[Round "12"]
[Board "70"]
[White "Moiseenko Vadim (RUS)"]
[Black "Drygalov Sergey (RUS)"]
[Result "1-0"]
[LiveChessVersion "1.4.8"]
[BlackElo "2428"]
[WhiteElo "2560"]

1. e4 {[%clk 0:03:03]} c5 {[%clk 0:03:03]} 2. Nf3 {[%clk 0:03:04]} d6
{[%clk 0:03:04]} 3. d4 {[%clk 0:03:05]} cxd4 {[%clk 0:03:06]} 4. Nxd4
{[%clk 0:03:06]} Nf6 {[%clk 0:03:07]} 5. Nc3 a6 6. Be3 {[%clk 0:03:09]} e5
{[%clk 0:03:09]} 7. Nf3 {[%clk 0:03:09]} Be7 {[%clk 0:03:03]} 8. Bc4
{[%clk 0:03:09]} Be6 {[%clk 0:03:03]} 9. Bb3 {[%clk 0:03:08]} O-O
{[%clk 0:03:00]} 10. O-O {[%clk 0:03:08]} Nc6 {[%clk 0:02:59]} 11. Qe2
{[%clk 0:03:08]} Na5 {[%clk 0:02:56]} 12. Rfd1 {[%clk 0:03:00]} Nxb3
{[%clk 0:02:51]} 13. axb3 {[%clk 0:03:00]} Qc7 {[%clk 0:02:43]} 14. Bg5
{[%clk 0:02:58]} Rac8 {[%clk 0:02:29]} 15. Ne1 {[%clk 0:02:38]} Ng4
{[%clk 0:01:54]} 16. Nd5 {[%clk 0:02:11]} Bxd5 {[%clk 0:01:46]} 17. Rxd5
{[%clk 0:02:10]} Bxg5 {[%clk 0:00:59]} 18. Qxg4 {[%clk 0:02:11]} Be7
{[%clk 0:01:00]} 19. Rad1 {[%clk 0:01:51]} g6 {[%clk 0:01:02]} 20. h4
{[%clk 0:01:40]} f5 {[%clk 0:01:01]} 21. exf5 {[%clk 0:01:37]} Rxf5
{[%clk 0:01:01]} 22. g3 {[%clk 0:01:11]} Rcf8 {[%clk 0:01:00]} 23. R1d2
{[%clk 0:01:10]} Qb6 {[%clk 0:00:48]} 24. Nd3 {[%clk 0:01:04]} Kg7
{[%clk 0:00:31]} 25. Kg2 {[%clk 0:01:04]} R8f7 {[%clk 0:00:23]} 26. Qe4
{[%clk 0:00:46]} Bf8 {[%clk 0:00:17]} 27. b4 {[%clk 0:00:45]} Qc6
{[%clk 0:00:14]} 28. c4 {[%clk 0:00:44]} b5 {[%clk 0:00:13]} 29. b3
{[%clk 0:00:45]} bxc4 {[%clk 0:00:05]} 30. bxc4 {[%clk 0:00:45]} Qb7
{[%clk 0:00:07]} 31. Rc2 {[%clk 0:00:33]} Kg8 {[%clk 0:00:07]} 32. c5
{[%clk 0:00:33]} dxc5 {[%clk 0:00:08]} 33. bxc5 {[%clk 0:00:34]} R5f6
{[%clk 0:00:07]} 34. Nxe5 {[%clk 0:00:22]} Re7 {[%clk 0:00:08]} 35. c6
{[%clk 0:00:22]} Qc7 {[%clk 0:00:07]} 36. Qc4 {[%clk 0:00:16]} Kg7
{[%clk 0:00:07]} 37. Nd7 {[%clk 0:00:18]} Rff7 {[%clk 0:00:04]} 38. Qd4+
{[%clk 0:00:18]} Kh6 {[%clk 0:00:05]} 39. Rcc5 {[%clk 0:00:11]} Re2
{[%clk 0:00:05]} 40. Nxf8 {[%clk 0:00:04]} Rxf8 {[%clk 0:00:06]} 41. Rd7
{[%clk 0:00:04]} Rfxf2+ {[%clk 0:00:05]} 42. Qxf2 {[%clk 0:00:04]} Rxf2+
{[%clk 0:00:06]} 43. Kxf2 {[%clk 0:00:05]} Qb6 {[%clk 0:00:08]} 44. Rdd5
{[%clk 0:00:05]} Qb2+ {[%clk 0:00:08]} 45. Kf3 {[%clk 0:00:07]} Qb3+
{[%clk 0:00:06]} 46. Kf4 {[%clk 0:00:07]} Qb4+ {[%clk 0:00:03]} 47. Ke5
{[%clk 0:00:08]} Qb2+ {[%clk 0:00:04]} 48. Ke6 {[%clk 0:00:07]} Qe2+
{[%clk 0:00:05]} 49. Kd7 {[%clk 0:00:08]} Qg4+ {[%clk 0:00:05]} 50. Kd8
{[%clk 0:00:08]} Qxg3 {[%clk 0:00:04]} 51. c7 {[%clk 0:00:09]} Qxh4+
{[%clk 0:00:05]} 52. Kc8 {[%clk 0:00:07]} a5 {[%clk 0:00:05]} 53. Kb8
{[%clk 0:00:07]} Qf4 {[%clk 0:00:05]} 54. Ka8 {[%clk 0:00:07]} a4
{[%clk 0:00:04]} 55. c8=Q {[%clk 0:00:07]} Qf3 {[%clk 0:00:04]} 56. Qc6
{[%clk 0:00:07]} Qf4 {[%clk 0:00:03]} 57. Rh5+ {[%clk 0:00:07]} 1-0

[Event "Blitz 2018"]
[Site "Saint-Petersburg"]
[Date "2018.12.29"]
[Round "12"]
[Board "71"]
[White "Apryshko Gleb (RUS)"]
[Black "Frolyanov Dmitry (RUS)"]
[Result "1/2-1/2"]
[LiveChessVersion "1.4.8"]
[BlackElo "2557"]
[WhiteElo "2416"]

1. Na3 {[%clk 0:03:03]} e5 {[%clk 0:02:55]} 2. Nc4 {[%clk 0:03:04]} Nc6
{[%clk 0:02:52]} 3. e4 {[%clk 0:03:05]} Nf6 {[%clk 0:02:48]} 4. d3
{[%clk 0:03:00]} Bc5 {[%clk 0:02:44]} 5. Nf3 {[%clk 0:02:46]} O-O
{[%clk 0:02:40]} 6. Be2 {[%clk 0:02:42]} Re8 {[%clk 0:02:38]} 7. Bg5
{[%clk 0:02:15]} h6 {[%clk 0:02:33]} 8. Bh4 {[%clk 0:02:16]} Be7 {[%clk 0:02:28]}
9. Ncxe5 {[%clk 0:01:16]} Nxe5 {[%clk 0:02:27]} 10. Nxe5 {[%clk 0:01:17]} Nxe4
{[%clk 0:02:13]} 11. Nxf7 {[%clk 0:01:13]} Bb4+ {[%clk 0:02:12]} 12. c3
{[%clk 0:00:57]} Qxh4 {[%clk 0:02:06]} 13. dxe4 {[%clk 0:00:50]} Kxf7
{[%clk 0:01:22]} 14. Qb3+ {[%clk 0:00:28]} d5 {[%clk 0:01:13]} 15. cxb4
{[%clk 0:00:22]} Qxe4 {[%clk 0:01:07]} 16. Qf3+ {[%clk 0:00:24]} Qxf3
{[%clk 0:01:07]} 17. gxf3 {[%clk 0:00:25]} Bf5 {[%clk 0:00:59]} 18. Kd2
{[%clk 0:00:26]} Re7 {[%clk 0:00:56]} 19. Rhc1 {[%clk 0:00:25]} Rae8
{[%clk 0:00:52]} 20. Bf1 {[%clk 0:00:26]} c6 {[%clk 0:00:40]} 21. b5
{[%clk 0:00:25]} Bd7 {[%clk 0:00:40]} 22. a4 {[%clk 0:00:23]} Re5
{[%clk 0:00:38]} 23. a5 {[%clk 0:00:22]} cxb5 {[%clk 0:00:28]} 24. Rc7
{[%clk 0:00:23]} R8e7 {[%clk 0:00:27]} 25. a6 {[%clk 0:00:18]} bxa6
{[%clk 0:00:26]} 26. Rxa6 {[%clk 0:00:16]} Be8 {[%clk 0:00:16]} 27. Raxa7
{[%clk 0:00:15]} Rxc7 {[%clk 0:00:17]} 28. Rxc7+ {[%clk 0:00:17]} Kf6
{[%clk 0:00:18]} 29. Rc5 {[%clk 0:00:07]} d4 {[%clk 0:00:18]} 30. Rc8
{[%clk 0:00:04]} Bf7 {[%clk 0:00:12]} 31. Rb8 {[%clk 0:00:04]} Bc4
{[%clk 0:00:09]} 32. Bd3 {[%clk 0:00:04]} Bxd3 33. Kxd3 {[%clk 0:00:05]} Rh5
{[%clk 0:00:08]} 34. Rb6+ {[%clk 0:00:05]} Kf7 {[%clk 0:00:09]} 35. Kxd4
{[%clk 0:00:05]} Rxh2 {[%clk 0:00:09]} 36. Rxb5 {[%clk 0:00:06]} Rxf2
{[%clk 0:00:10]} 37. Ke3 {[%clk 0:00:06]} Rf1 {[%clk 0:00:11]} 38. Ke2
{[%clk 0:00:07]} Rb1 {[%clk 0:00:12]} 39. Rb6 {[%clk 0:00:05]} h5
{[%clk 0:00:12]} 40. f4 {[%clk 0:00:04]} h4 {[%clk 0:00:13]} 41. Kf3
{[%clk 0:00:05]} 1/2-1/2

[Event "Blitz 2018"]
[Site "Saint-Petersburg"]
[Date "2018.12.29"]
[Round "12"]
[Board "72"]
[White "Postny Evgeny (ISR)"]
[Black "Pershin Denis (RUS)"]
[Result "0-1"]
[LiveChessVersion "1.4.8"]
[BlackElo "2354"]
[WhiteElo "2657"]

1. d4 {[%clk 0:03:03]} d5 {[%clk 0:03:04]} 2. c4 {[%clk 0:03:04]} c6
{[%clk 0:03:05]} 3. Nf3 {[%clk 0:03:04]} Nf6 {[%clk 0:03:06]} 4. Nc3
{[%clk 0:03:05]} e6 {[%clk 0:03:07]} 5. e3 {[%clk 0:03:05]} Nbd7 {[%clk 0:03:07]}
6. Qc2 {[%clk 0:03:05]} Bd6 {[%clk 0:03:08]} 7. b3 {[%clk 0:03:06]} O-O
{[%clk 0:03:02]} 8. Bb2 {[%clk 0:03:06]} e5 {[%clk 0:03:02]} 9. Be2
{[%clk 0:03:05]} Re8 {[%clk 0:02:50]} 10. h3 {[%clk 0:02:51]} exd4
{[%clk 0:02:24]} 11. Nxd4 {[%clk 0:02:51]} dxc4 {[%clk 0:02:24]} 12. Bxc4
{[%clk 0:02:39]} Ne5 {[%clk 0:02:26]} 13. Be2 {[%clk 0:02:39]} Ng6
{[%clk 0:02:13]} 14. O-O-O {[%clk 0:02:37]} Qe7 {[%clk 0:02:14]} 15. Kb1
{[%clk 0:02:31]} Ba3 {[%clk 0:02:12]} 16. Ba1 {[%clk 0:02:32]} a5
{[%clk 0:02:12]} 17. g4 {[%clk 0:02:25]} a4 {[%clk 0:01:54]} 18. Nxa4
{[%clk 0:02:22]} Ne4 {[%clk 0:01:55]} 19. Nb6 {[%clk 0:02:10]} Ra5
{[%clk 0:01:15]} 20. Nxc8 {[%clk 0:02:07]} Rxc8 {[%clk 0:01:15]} 21. Nf5
{[%clk 0:02:06]} Qe8 {[%clk 0:00:31]} 22. Nxg7 {[%clk 0:02:03]} Qe7
{[%clk 0:00:33]} 23. Nf5 {[%clk 0:02:03]} Qe8 {[%clk 0:00:34]} 24. f3
{[%clk 0:01:25]} Rc5 {[%clk 0:00:33]} 25. Bc4 {[%clk 0:01:25]} b5
{[%clk 0:00:22]} 26. fxe4 {[%clk 0:01:00]} bxc4 {[%clk 0:00:23]} 27. Nd6
{[%clk 0:01:01]} Qe6 {[%clk 0:00:15]} 28. Nxc8 {[%clk 0:00:58]} cxb3
{[%clk 0:00:14]} 29. Rd8+ {[%clk 0:00:54]} Nf8 {[%clk 0:00:15]} 30. Ne7+
{[%clk 0:00:09]} Qxe7 {[%clk 0:00:14]} 31. Qd3 {[%clk 0:00:10]} bxa2+
{[%clk 0:00:06]} 32. Kxa2 {[%clk 0:00:10]} Qe6+ {[%clk 0:00:04]} 33. Kxa3
{[%clk 0:00:09]} Ra5+ {[%clk 0:00:06]} 34. Kb4 {[%clk 0:00:06]} Rb5+
{[%clk 0:00:04]} 35. Ka4 {[%clk 0:00:05]} Qa2+ {[%clk 0:00:05]} 36. Qa3
{[%clk 0:00:07]} Qc4+ {[%clk 0:00:06]} 0-1

[Event "Blitz 2018"]
[Site "Saint-Petersburg"]
[Date "2018.12.29"]
[Round "12"]
[Board "73"]
[White "Gabrielian Artur (RUS)"]
[Black "Zablotsky Sergei (RUS)"]
[Result "1-0"]
[LiveChessVersion "1.4.8"]
[BlackElo "2459"]
[WhiteElo "2562"]

1. e4 {[%clk 0:03:02]} d6 {[%clk 0:03:03]} 2. d4 {[%clk 0:03:03]} Nf6
{[%clk 0:03:04]} 3. Nc3 {[%clk 0:03:04]} g6 {[%clk 0:03:05]} 4. Nf3
{[%clk 0:03:04]} Bg7 {[%clk 0:03:04]} 5. Be3 {[%clk 0:03:05]} O-O
{[%clk 0:02:57]} 6. Qd2 {[%clk 0:03:05]} c6 {[%clk 0:02:53]} 7. Bh6
{[%clk 0:03:05]} b5 {[%clk 0:02:51]} 8. Bd3 {[%clk 0:03:05]} Nbd7
{[%clk 0:02:41]} 9. Bxg7 {[%clk 0:02:35]} Kxg7 {[%clk 0:02:42]} 10. Ne2
{[%clk 0:02:28]} e5 {[%clk 0:02:37]} 11. O-O {[%clk 0:02:23]} Qe7
{[%clk 0:02:26]} 12. Ng3 {[%clk 0:02:21]} h6 {[%clk 0:02:23]} 13. a4
{[%clk 0:02:19]} Bb7 {[%clk 0:01:53]} 14. Nh4 {[%clk 0:01:55]} Nxe4
{[%clk 0:01:29]} 15. Nhf5+ {[%clk 0:01:44]} gxf5 {[%clk 0:01:22]} 16. Nxf5+
{[%clk 0:01:45]} Kf6 {[%clk 0:01:19]} 17. Bxe4 {[%clk 0:01:42]} 1-0

[Event "Blitz 2018"]
[Site "Saint-Petersburg"]
[Date "2018.12.29"]
[Round "12"]
[Board "74"]
[White "Eliseev Alexei (RUS)"]
[Black "Potapov Pavel (RUS)"]
[Result "0-1"]
[LiveChessVersion "1.4.8"]
[BlackElo "2542"]
[WhiteElo "2486"]

1. d4 {[%clk 0:03:02]} f5 {[%clk 0:03:03]} 2. Nc3 {[%clk 0:03:03]} Nf6
{[%clk 0:03:04]} 3. Bg5 {[%clk 0:03:03]} d5 {[%clk 0:03:05]} 4. Bxf6
{[%clk 0:02:59]} exf6 {[%clk 0:03:05]} 5. e3 {[%clk 0:03:01]} Be6
{[%clk 0:03:02]} 6. h4 {[%clk 0:03:00]} Qd7 {[%clk 0:02:51]} 7. h5
{[%clk 0:02:59]} Nc6 {[%clk 0:02:51]} 8. a3 {[%clk 0:02:55]} O-O-O
{[%clk 0:02:47]} 9. g3 {[%clk 0:02:55]} Kb8 {[%clk 0:02:45]} 10. Nge2
{[%clk 0:02:51]} Ne7 {[%clk 0:02:44]} 11. Nf4 {[%clk 0:02:47]} Bf7
{[%clk 0:02:45]} 12. Qd3 {[%clk 0:02:40]} Rg8 {[%clk 0:02:41]} 13. Bg2
{[%clk 0:02:31]} c6 {[%clk 0:02:23]} 14. b4 {[%clk 0:02:18]} Nc8 {[%clk 0:02:09]}
15. b5 {[%clk 0:02:19]} cxb5 {[%clk 0:01:02]} 16. Ncxd5 {[%clk 0:02:03]} Nd6
{[%clk 0:00:59]} 17. h6 {[%clk 0:01:59]} Ne4 {[%clk 0:00:53]} 18. hxg7
{[%clk 0:01:59]} Bxg7 {[%clk 0:00:38]} 19. Nb4 {[%clk 0:01:16]} Bc4 20. Qd1 Bf8
{[%clk 0:00:36]} 21. Qh5 {[%clk 0:01:11]} Rg7 {[%clk 0:00:27]} 22. Bh3
{[%clk 0:01:04]} Rg5 {[%clk 0:00:25]} 23. Qf3 {[%clk 0:01:04]} Bxb4+
{[%clk 0:00:18]} 24. axb4 {[%clk 0:01:05]} Qe7 {[%clk 0:00:19]} 25. c3
{[%clk 0:01:00]} Nxc3 {[%clk 0:00:16]} 26. Bf1 {[%clk 0:00:53]} Qxb4
{[%clk 0:00:15]} 27. Bxc4 {[%clk 0:00:51]} Ne4+ {[%clk 0:00:15]} 28. Ke2
{[%clk 0:00:52]} Qxc4+ {[%clk 0:00:12]} 29. Ke1 {[%clk 0:00:46]} Qc3+ 30. Ke2
Qb2+ {[%clk 0:00:10]} 31. Kf1 {[%clk 0:00:42]} Nd2+ {[%clk 0:00:09]} 0-1